旧国名 - Statistics

General Stats
  • This quiz has been taken 423 times
  • The average score is 53 of 84
Answer Stats
Answer % Correct
越後
87%
越前
86%
武蔵
82%
越中
81%
備前
80%
尾張
79%
備後
79%
土佐
79%
薩摩
79%
備中
78%
上野
76%
信濃
75%
下野
75%
大和
74%
三河
74%
摂津
73%
伊予
73%
陸奥
72%
加賀
72%
阿波
72%
讃岐
72%
肥後
72%
上総
71%
下総
71%
出雲
71%
紀伊
71%
筑前
71%
筑後
71%
肥前
71%
豊後
71%
遠江
70%
伊豆
69%
相模
69%
能登
69%
河内
68%
伊勢
68%
甲斐
68%
近江
68%
美濃
68%
豊前
68%
駿河
67%
和泉
66%
飛騨
66%
長門
66%
常陸
65%
日向
65%
陸前
64%
大隅
64%
山城
63%
安房
63%
陸中
63%
安芸
63%
丹波
63%
播磨
62%
淡路
60%
羽後
59%
佐渡
59%
丹後
59%
羽前
58%
若狭
57%
伯耆
57%
美作
56%
伊賀
55%
志摩
55%
対馬
53%
石見
52%
壱岐
52%
周防
51%
石狩
51%
因幡
50%
根室
50%
隠岐
48%
十勝
48%
磐城
47%
但馬
47%
釧路
47%
渡島
43%
日高
42%
北見
42%
岩代
37%
胆振
35%
後志
33%
天塩
32%
千島
21%
No matching quizzes found
Score Distribution
Percent of People with Each Score
Percentile by Number Answered
Your Score History
You have not taken this quiz